Material Science (Record no. 564686)

000 -LEADER
fixed length control field 00351nam a2200133Ia 4500
008 - FIXED-LENGTH DATA ELEMENTS--GENERAL INFORMATION
fixed length control field 210430s9999 xx 000 0 und d
020 ## - INTERNATIONAL STANDARD BOOK NUMBER
International Standard Book Number 81-7409-035-5
082 ## - DEWEY DECIMAL CLASSIFICATION NUMBER
Classification number 620.11 M941 M
100 ## - MAIN ENTRY--PERSONAL NAME
Personal name Mubeen&Mubeen
9 (RLIN) 34541
245 ## - TITLE STATEMENT
Title Material Science
Statement of responsibility, etc. Mubeen&Mubeen
260 ## - PUBLICATION, DISTRIBUTION, ETC.
Place of publication, distribution, etc. India
Name of publisher, distributor, etc. Romesh Chander Khanna
Date of publication, distribution, etc. 2006
300 ## - PHYSICAL DESCRIPTION
Extent 719p
942 ## - ADDED ENTRY ELEMENTS (KOHA)
Koha item type Book
Source of classification or shelving scheme
Holdings
Withdrawn status Lost status Damaged status Not for loan Collection code Permanent Location Current Location Shelving location Date acquired Total Checkouts Total Renewals Full call number Barcode Checked out Date last seen Date last checked out Price effective from Koha item type
          School of Chemical & Materials Engineering (SCME) School of Chemical & Materials Engineering (SCME) General Stacks 02/11/2012 2 3 620.11 M941 M SCME-3906 05/18/2026 03/31/2026 03/31/2026 04/30/2021 Book
© 2023 Central Library, National University of Sciences and Technology. All Rights Reserved.